Economic life in Ottoman Jerusalem

Αποθηκεύτηκε σε:
Λεπτομέρειες βιβλιογραφικής εγγραφής
Κύριος συγγραφέας: Cohen, Amnon 1936-
Μορφή: Βιβλίο
Γλώσσα:English
Δημοσίευση: Cambridge : Cambridge University Press, 2002, 1989
Σειρά:Cambridge studies in Islamic civilization
Θέματα:
Ετικέτες: Προσθήκη ετικέτας
Δεν υπάρχουν, Καταχωρήστε ετικέτα πρώτοι!

MARC

LEADER 00000nam a2200000 i 4500
001 1/88460
008 080611r20021989 eng d
020 |a 978-0-521-52435-3 (pbk.) 
020 |a 0-521-52435-0 (pbk.) 
035 |l 10098120 
040 |a GR-MY-UA  |b gre  |e aacr 
041 0 |a eng 
082 0 |a 338.0956944  |2 (22) 
100 1 |a Cohen, Amnon  |d 1936- 
245 1 0 |a Economic life in Ottoman Jerusalem /  |c Amnon Cohen 
260 |a Cambridge :   |b Cambridge University Press,   |c 2002, 1989 
300 |a vii, 179 σ.;  |b εικ., 1 χάρτης;  |c 23 εκ. 
490 1 |a Cambridge studies in Islamic civilization 
500 |a Πρώτη χαρτόδετη έκδοση 2002 
504 |a Περιέχει βιβλιογραφικές παραπομπές και ευρετήρια 
650 0 0 |a Meat industry and trade  |z Jerusalem  |x History  |y 16th century. 
650 0 0 |a Soap trade  |z Jerusalem  |x History  |y 16th century. 
650 0 0 |a Bread industry  |z Jerusalem  |x History  |y 16th century. 
651 0 |a Jerusalem  |x History. 
651 0 |a Jerusalem  |x Economic conditions. 
830 0 |a Cambridge studies in Islamic civilization 
852 |a INST  |b LESVOS  |e 20080611  |h 338.0956944 COH  |p 005100042290  |q 005100042290  |t BK  |y 0 
901 |a BIBL1-2008-2 
909 |a Λ  |b 145047 
922 |a 1ΕΛΗ  |b 200801  |c ΕΠΕΑΕΚ2/ΤΚΑ  |d ΕΛΕΥΘΕΡΟΥΔΑΚΗΣ 
970 |a ΓΙΑΛΑΜΑ  |b ΜΑΡΙΑ  |z 2008/06/11